[Event "Sport Summer 2016"]
[Site "Paracin"]
[Date "2016.07.09"]
[Round "4.1"]
[White "Carnic, Srdjan"]
[Black "Berkes, Ferenc"]
[Result "0-1"]
[WhiteElo "2318"]
[BlackElo "2640"]
[PlyCount "66"]
[EventDate "2016.??.??"]

1. e4 Nf6 2. e5 Nd5 3. d4 d6 4. Nf3 dxe5 5. Nxe5 c6 6. Be2 Bf5 7. O-O Nd7 8.
Nf3 e6 9. a3 Bd6 10. Re1 O-O 11. c4 N5f6 12. Nc3 h6 13. h3 Re8 14. Be3 a6 15.
Bd3 Bxd3 16. Qxd3 b5 17. Red1 bxc4 18. Qxc4 Qb8 19. Na4 Nd5 20. Rac1 Rc8 21.
Rd3 c5 22. Rb3 Qa7 23. dxc5 Nxe3 24. Rxe3 Nxc5 25. Qd4 Qe7 26. Nb6 Rd8 27. Nxa8
Bh2+ 28. Kxh2 Rxd4 29. Nxd4 Qd6+ 30. Kg1 Qxd4 31. Rec3 Nd3 32. R1c2 Qe4 33. g3
Ne1 0-1

[Event "Sport Summer 2016"]
[Site "Paracin"]
[Date "2016.07.09"]
[Round "4.2"]
[White "Kadric, Denis"]
[Black "Abramovic, Bosko"]
[Result "1/2-1/2"]
[WhiteElo "2562"]
[BlackElo "2422"]
[PlyCount "111"]
[EventDate "2016.??.??"]

1. e4 e5 2. Nf3 Nc6 3. Bc4 Bc5 4. O-O Nf6 5. d3 d6 6. c3 a6 7. Bb3 O-O 8. h3
Ba7 9. Re1 h6 10. Nbd2 Be6 11. Bc2 Re8 12. Nf1 d5 13. exd5 Bxd5 14. Ng3 Qd7 15.
Nh4 Rad8 16. Nhf5 Ne7 17. Rxe5 Nxf5 18. Rxf5 Qe6 19. Bd2 g6 20. Rf4 c5 21. Rh4
h5 22. Bg5 Rd7 23. Bb3 Bxb3 24. axb3 Qc6 25. Bxf6 Qxf6 26. Re4 Red8 27. Re3 Bb8
28. Ne4 Qc6 29. Qe2 Kg7 30. Re1 b6 31. g3 h4 32. Ng5 Qd5 33. f4 hxg3 34. Re7
Bd6 35. Rxd7 Rxd7 36. Qg4 Be7 37. Qh4 Bxg5 38. fxg5 Rd8 39. Qxg3 Qxd3 40. Qf2
Kg8 41. h4 b5 42. Kh2 b4 43. Re3 Qd1 44. Kg3 Qxb3 45. Qf6 Qd5 46. cxb4 cxb4 47.
Qxa6 Qd4 48. Qe2 Kg7 49. b3 Rc8 50. Qf2 Rc5 51. Rf3 Qe5+ 52. Kg2 Qd5 53. Kg3
Rc3 54. Rxc3 Qe5+ 55. Qf4 Qxc3+ 56. Qf3 1/2-1/2

[Event "Sport Summer 2016"]
[Site "Paracin"]
[Date "2016.07.09"]
[Round "4.3"]
[White "Georgiev, Kiril"]
[Black "Tuna, Alp"]
[Result "1/2-1/2"]
[WhiteElo "2613"]
[BlackElo "2105"]
[PlyCount "55"]
[EventDate "2016.??.??"]

1. d4 d5 2. c4 c6 3. cxd5 cxd5 4. Bf4 Nc6 5. e3 Nf6 6. Nc3 Bf5 7. Qb3 Na5 8.
Qa4+ Bd7 9. Qc2 e6 10. Bd3 Rc8 11. Nf3 b5 12. a3 Be7 13. O-O Nh5 14. Be5 f6 15.
Bxh7 Kf8 16. Nh4 Be8 17. Bg3 f5 18. Ng6+ Bxg6 19. Bxg6 Nf6 20. Bxf5 exf5 21.
Qxf5 a6 22. Be5 Qd7 23. Qf3 Nc4 24. Rfc1 Kf7 25. h3 Rhd8 26. Qe2 Kg8 27. Bxf6
Bxf6 28. Na2 1/2-1/2

[Event "Sport Summer 2016"]
[Site "Paracin"]
[Date "2016.07.09"]
[Round "4.4"]
[White "Lajthajm, Borko"]
[Black "Atalik, Suat"]
[Result "1/2-1/2"]
[WhiteElo "2433"]
[BlackElo "2564"]
[PlyCount "53"]
[EventDate "2016.??.??"]

1. d4 Nf6 2. c4 e6 3. Nc3 Bb4 4. e3 c5 5. Bd3 d5 6. cxd5 Nxd5 7. Bd2 Nc6 8. Nf3
Nf6 9. a3 Ba5 10. Bb5 cxd4 11. Nxd4 Bd7 12. Nxc6 bxc6 13. Be2 c5 14. Bf3 Rb8
15. Qc2 Qb6 16. Rb1 O-O 17. O-O Rfc8 18. Rfd1 Be8 19. h3 Qc7 20. Ne2 Bxd2 21.
Rxd2 a5 22. Nc3 h6 23. Rc1 Qe5 24. Qd1 Rb6 25. Rcc2 Qb8 26. Qc1 Bc6 27. Bxc6
1/2-1/2

[Event "Sport Summer 2016"]
[Site "Paracin"]
[Date "2016.07.09"]
[Round "4.5"]
[White "Savic, Miodrag R"]
[Black "Atakisi, Umut"]
[Result "1/2-1/2"]
[WhiteElo "2507"]
[BlackElo "2378"]
[PlyCount "56"]
[EventDate "2016.??.??"]

1. e4 c5 2. Nf3 Nc6 3. c3 Nf6 4. e5 Nd5 5. Bc4 Nb6 6. Bb3 d5 7. exd6 Qxd6 8.
O-O Be6 9. Bxe6 Qxe6 10. d4 cxd4 11. Nxd4 Nxd4 12. Qxd4 Rd8 13. Qf4 g6 14. Be3
Bg7 15. Bxb6 Qxb6 16. Qa4+ Kf8 17. Qb3 Qc6 18. Na3 Bf6 19. Rad1 Kg7 20. Nc2 h5
21. h3 e6 22. Ne3 b5 23. Qb4 a5 24. Qxa5 Rxd1 25. Rxd1 Ra8 26. Qb4 Rxa2 27. Qb3
Qa6 28. Rb1 Qa4 1/2-1/2

[Event "Sport Summer 2016"]
[Site "Paracin"]
[Date "2016.07.09"]
[Round "4.6"]
[White "Brankovic, Dejan"]
[Black "Kosic, Dragan"]
[Result "1/2-1/2"]
[WhiteElo "2353"]
[BlackElo "2504"]
[PlyCount "52"]
[EventDate "2016.??.??"]

1. Nf3 Nf6 2. c4 e6 3. g3 d5 4. Bg2 dxc4 5. Qa4+ Nbd7 6. Qxc4 a6 7. Qc2 c5 8.
O-O b6 9. Nc3 Bb7 10. d4 Rc8 11. e4 cxd4 12. Nxd4 Bc5 13. Rd1 Ng4 14. Qe2 Nge5
15. Nb3 Bb4 16. Bf4 Qe7 17. Na4 b5 18. Nb6 Nxb6 19. Bxe5 O-O 20. a3 Nc4 21.
axb4 Nxe5 22. Nc5 Rc7 23. b3 Nd7 24. Nxb7 Rxb7 25. Rxa6 Qxb4 26. e5 Rc7 1/2-1/2

[Event "Sport Summer 2016"]
[Site "Paracin"]
[Date "2016.07.09"]
[Round "4.7"]
[White "Fang, Yuxiang"]
[Black "Sredojevic, Ivan"]
[Result "1-0"]
[WhiteElo "2494"]
[BlackElo "2342"]
[PlyCount "79"]
[EventDate "2016.??.??"]

1. d4 Nf6 2. c4 c5 3. d5 b5 4. Nd2 g6 5. e4 d6 6. b3 Bg7 7. Bb2 b4 8. Ngf3 O-O
9. Qc2 a5 10. a3 bxa3 11. Rxa3 Na6 12. Be2 Nb4 13. Qc1 e5 14. O-O Nh5 15. g3 f5
16. Bc3 f4 17. Bxb4 cxb4 18. Ra2 Bh3 19. c5 Bxf1 20. Bxf1 fxg3 21. hxg3 Bh6 22.
Qe1 a4 23. bxa4 b3 24. Rb2 Rxa4 25. Rxb3 Bxd2 26. Qxd2 dxc5 27. d6 Nf6 28. Nxe5
Nxe4 29. Qd5+ Kh8 30. d7 Rd4 31. Nf7+ Rxf7 32. Qxf7 Rxd7 33. Qf4 Nd6 34. Bc4
Kg7 35. Be6 Rb7 36. Qe5+ Kh6 37. Rd3 Rb1+ 38. Kg2 Qa8+ 39. Bd5 Qf8 40. g4 1-0

[Event "Sport Summer 2016"]
[Site "Paracin"]
[Date "2016.07.09"]
[Round "4.8"]
[White "Todorovic, Nenad I"]
[Black "Damljanovic, Branko"]
[Result "0-1"]
[WhiteElo "2306"]
[BlackElo "2557"]
[PlyCount "74"]
[EventDate "2016.??.??"]

1. e4 c5 2. Nf3 e6 3. d4 cxd4 4. Nxd4 Nf6 5. Nc3 d6 6. Be3 a6 7. f3 b5 8. Qd2
Bb7 9. g4 Nfd7 10. O-O-O Nb6 11. Bd3 N8d7 12. Kb1 Rc8 13. Qe1 Qc7 14. Bc1 Ne5
15. g5 g6 16. f4 Nxd3 17. cxd3 b4 18. Nce2 a5 19. Be3 Ba6 20. Qd2 Na4 21. f5
Nc5 22. Nc1 e5 23. Nf3 Be7 24. h4 Na4 25. h5 gxf5 26. exf5 Qb7 27. Qf2 Nc3+ 28.
bxc3 bxc3+ 29. Ka1 c2 30. Nb3 cxd1=Q+ 31. Rxd1 a4 32. Na5 Qd5 33. Bb6 Rc3 34.
Ne1 Bxg5 35. f6 h6 36. Qf5 O-O 37. Nf3 Rxd3 0-1

[Event "Sport Summer 2016"]
[Site "Paracin"]
[Date "2016.07.09"]
[Round "4.9"]
[White "Nester, Ihor"]
[Black "Zajic, Milan"]
[Result "0-1"]
[WhiteElo "2300"]
[BlackElo "2481"]
[PlyCount "55"]
[EventDate "2016.??.??"]

1. Nf3 Nf6 2. c4 e6 3. Nc3 Bb4 4. g3 b6 5. Bg2 Bb7 6. O-O O-O 7. d3 Bxc3 8.
bxc3 d6 9. e4 Nbd7 10. Nh4 d5 11. exd5 exd5 12. Nf5 Re8 13. cxd5 Bxd5 14. Bxd5
Nxd5 15. Qg4 g6 16. Nh6+ Kg7 17. Qd4+ Ne5 18. c4 Nf6 19. Qf4 Nxd3 20. Nf5+ Kh8
21. Qh6 gxf5 22. Bg5 Ng8 23. Qh5 f6 24. Bh4 Ne5 25. Qxf5 Qe7 26. Rfe1 Qg7 27.
Rad1 Ng6 28. Ra1 0-1

[Event "Sport Summer 2016"]
[Site "Paracin"]
[Date "2016.07.09"]
[Round "4.10"]
[White "Kasparov, Sergey"]
[Black "Popovic, Aleksandar M"]
[Result "1-0"]
[WhiteElo "2470"]
[BlackElo "2256"]
[PlyCount "55"]
[EventDate "2016.??.??"]

1. e4 e5 2. Nf3 Nc6 3. Bb5 a6 4. Bxc6 dxc6 5. O-O Bg4 6. h3 h5 7. d3 Qf6 8. Be3
Ne7 9. Nbd2 g5 10. Re1 Bxf3 11. Qxf3 Qg6 12. Qg3 g4 13. f4 exf4 14. Bxf4 O-O-O
15. h4 Bh6 16. Nc4 Bxf4 17. Qxf4 f5 18. Ne5 Qd6 19. exf5 Rhf8 20. Ng6 Qc5+ 21.
Qe3 Qxe3+ 22. Rxe3 Nxf5 23. Re5 Rf6 24. Rf1 Rxg6 25. Rfxf5 Rh8 26. Rxh5 Rxh5
27. Rxh5 g3 28. Rg5 1-0

[Event "Sport Summer 2016"]
[Site "Paracin"]
[Date "2016.07.09"]
[Round "4.11"]
[White "Cabarkapa, Novak"]
[Black "Kaufeld, Juergen"]
[Result "1-0"]
[WhiteElo "2424"]
[BlackElo "2271"]
[PlyCount "119"]
[EventDate "2016.??.??"]

1. b3 Nf6 2. Bb2 g6 3. Nc3 Bg7 4. d4 c5 5. e3 cxd4 6. exd4 d5 7. Bd3 Nc6 8.
Nge2 Nb4 9. Bb5+ Bd7 10. Bxd7+ Qxd7 11. a3 Nc6 12. Qd2 h5 13. O-O O-O 14. f3
Rac8 15. Nd1 e6 16. Ne3 Ne7 17. Qd3 Rc7 18. g3 Rfc8 19. h3 Nf5 20. Nxf5 exf5
21. c3 Qd6 22. h4 Bh6 23. Ra2 Re8 24. Bc1 Bxc1 25. Rxc1 Rce7 26. Kf2 Nd7 27.
Nf4 a6 28. c4 Nf6 29. Rcc2 Re1 30. c5 Qc7 31. Re2 R1xe2+ 32. Rxe2 Rxe2+ 33.
Qxe2 Kf8 34. b4 Qd7 35. Qe5 Kg7 36. Kg2 Qc6 37. Kh3 Qb5 38. Qe2 Qd7 39. Kg2 Kf8
40. Qc2 Qe7 41. Kf2 Qd8 42. a4 Ng8 43. c6 bxc6 44. Qxc6 Ne7 45. Qxa6 Qc7 46. a5
Qc3 47. Qb6 Nc6 48. Qc5+ Qxc5 49. bxc5 Nxd4 50. Nxd5 Ke8 51. a6 Nc6 52. Nc7+
Kd7 53. Nb5 Kc8 54. Nd6+ Kb8 55. Nxf7 Ka7 56. Ke3 Kxa6 57. Kf4 Nd4 58. Nd6 Ne2+
59. Kg5 Nxg3 60. Kxg6 1-0

[Event "Sport Summer 2016"]
[Site "Paracin"]
[Date "2016.07.09"]
[Round "4.12"]
[White "Djordjevic, Vuk"]
[Black "Burcu, Cagatay"]
[Result "0-1"]
[WhiteElo "2415"]
[BlackElo "2260"]
[PlyCount "72"]
[EventDate "2016.??.??"]

1. d4 Nf6 2. Bg5 d5 3. Bxf6 gxf6 4. e3 c5 5. c4 dxc4 6. Bxc4 cxd4 7. exd4 Nc6
8. Ne2 Bg7 9. Nbc3 f5 10. d5 Ne5 11. Bb3 Qd6 12. h3 Bd7 13. O-O h5 14. Ba4 Rd8
15. Nd4 Qg6 16. Qc2 Rg8 17. Bxd7+ Nxd7 18. Nxf5 Bxc3 19. Qe4 Be5 20. g3 Kf8 21.
Rae1 Bd6 22. Qf3 Ne5 23. Qe4 Qf6 24. f4 Nc4 25. Re2 e6 26. dxe6 fxe6 27. Qxe6
Rg6 28. Qxc4 Qxf5 29. Kh2 Rc8 30. Qa4 b5 31. Qxa7 h4 32. g4 Qd3 33. Qf2 Rf6 34.
Rd2 Bxf4+ 35. Kg1 Bh2+ 36. Kh1 Qxf1+ 0-1

[Event "Sport Summer 2016"]
[Site "Paracin"]
[Date "2016.07.09"]
[Round "4.13"]
[White "Ratkovic, Miloje"]
[Black "Raykov, Stefan"]
[Result "1-0"]
[WhiteElo "2404"]
[BlackElo "2155"]
[PlyCount "107"]
[EventDate "2016.??.??"]

1. d4 d5 2. Nf3 Nf6 3. e3 e6 4. Bd3 c5 5. b3 Nc6 6. O-O Bd6 7. Bb2 O-O 8. a3 b6
9. Nbd2 Bb7 10. Qe2 Re8 11. Ne5 Bxe5 12. dxe5 Nd7 13. f4 Qc7 14. Rf3 Nf8 15.
Rh3 g6 16. Nf3 Na5 17. Bb5 Rec8 18. Qf2 c4 19. b4 c3 20. Bc1 Nc4 21. Qe1 Nd2
22. Bd3 Nxf3+ 23. gxf3 a5 24. b5 a4 25. Rb1 Qc5 26. Rb4 Rc7 27. Kf1 Rd7 28. Rd4
Kg7 29. Rg3 Kh8 30. h4 h5 31. Rg5 Nh7 32. Rg2 Nf8 33. Qg3 Qe7 34. f5 exf5 35.
Bxf5 Ne6 36. Bxe6 Qxe6 37. Qg5 Kh7 38. Rf4 Rg8 39. Rf6 Qe8 40. Rxb6 Rg7 41. Qf4
d4 42. exd4 Qd8 43. Rd6 Rxd6 44. exd6 Qb6 45. Rg5 f5 46. Qe5 Bxf3 47. Rg3 Qb7
48. Kf2 Bg4 49. d5 Qb6+ 50. Be3 Qxb5 51. Bd4 Qd7 52. Qxg7+ Qxg7 53. Bxg7 Kxg7
54. d7 1-0

[Event "Sport Summer 2016"]
[Site "Paracin"]
[Date "2016.07.09"]
[Round "4.14"]
[White "Radovanovic, Nikola"]
[Black "Ozturk, Kubra"]
[Result "1-0"]
[WhiteElo "2392"]
[BlackElo "2249"]
[PlyCount "83"]
[EventDate "2016.??.??"]

1. Nf3 Nf6 2. g3 d5 3. Bg2 Bg4 4. d3 Nbd7 5. h3 Bxf3 6. Bxf3 e5 7. Bg2 Bd6 8.
O-O O-O 9. e4 dxe4 10. dxe4 Nc5 11. Qe2 c6 12. Nd2 Re8 13. a4 Bf8 14. Nc4 b5
15. Rd1 Qb8 16. axb5 cxb5 17. Ne3 a5 18. Nd5 b4 19. Nxf6+ gxf6 20. h4 Qb7 21.
Qh5 Ne6 22. Bh3 Ng7 23. Qf3 Red8 24. Rxd8 Rxd8 25. Be3 Qc6 26. Rxa5 Qxc2 27.
Qxf6 Rd1+ 28. Kh2 Qxe4 29. Bg2 Qf5 30. Qb6 Qe6 31. Qb8 Qd6 32. Qxd6 Rxd6 33.
Rxe5 Ne6 34. Rb5 Ra6 35. Rb8 Kg7 36. Bd5 Be7 37. Rb7 Bf8 38. Bc4 Rc6 39. b3 h6
40. Bd2 Bc5 41. Kg2 Rc7 42. Rb8 1-0

[Event "Sport Summer 2016"]
[Site "Paracin"]
[Date "2016.07.09"]
[Round "4.15"]
[White "Gajic, Mladen"]
[Black "Marjanovic, Dejan"]
[Result "1/2-1/2"]
[WhiteElo "2295"]
[BlackElo "2392"]
[PlyCount "96"]
[EventDate "2016.??.??"]

1. d4 d5 2. c4 dxc4 3. Nf3 Nf6 4. e3 b5 5. a4 b4 6. Bxc4 e6 7. O-O Be7 8. Qe2
Bb7 9. Rd1 O-O 10. a5 a6 11. b3 Nbd7 12. Bb2 Ra7 13. Nbd2 Qa8 14. Bd3 c5 15.
Nc4 Nd5 16. Nfe5 Nxe5 17. dxe5 Bc6 18. Rdc1 f5 19. Nd6 Bxd6 20. exd6 Qd8 21.
Be5 Nc3 22. Qd2 Rd7 23. Bxa6 Bxg2 24. Bc4 Bd5 25. Bxd5 exd5 26. Rxc3 bxc3 27.
Qxd5+ Kh8 28. Qxc5 Qb8 29. Qxc3 Rc8 30. Qd3 Rc5 31. Qxf5 Qe8 32. a6 Rxe5 33.
Qxd7 Qxd7 34. a7 Qg4+ 35. Kf1 Qh3+ 36. Ke2 Qg4+ 37. Kf1 Qh3+ 38. Ke2 Qg4+ 39.
Ke1 Qh3 40. Ke2 Qg4+ 41. f3 Qg2+ 42. Kd3 Rd5+ 43. Ke4 Qc2+ 44. Kxd5 Qxb3+ 45.
Kc6 Qc3+ 46. Kb7 Qb2+ 47. Kc8 Qc3+ 48. Kb7 Qb2+ 1/2-1/2

[Event "Sport Summer 2016"]
[Site "Paracin"]
[Date "2016.07.09"]
[Round "4.16"]
[White "Nestorovic, Dejan"]
[Black "Pregarac, Valter"]
[Result "1-0"]
[WhiteElo "2387"]
[BlackElo "2135"]
[PlyCount "67"]
[EventDate "2016.??.??"]

1. d4 Nf6 2. c4 e6 3. e3 Bb4+ 4. Bd2 Qe7 5. Bd3 O-O 6. Ne2 Bxd2+ 7. Qxd2 e5 8.
Nbc3 exd4 9. exd4 d5 10. Nxd5 Nxd5 11. cxd5 Nd7 12. O-O Nf6 13. Nc3 Qd8 14. Bc4
a6 15. a4 Qd6 16. Rfe1 Bd7 17. h3 Rfe8 18. Re3 Rab8 19. Bb3 b5 20. axb5 axb5
21. Rae1 b4 22. Rxe8+ Bxe8 23. Nd1 Bd7 24. Ne3 Nh5 25. Nc4 Qf6 26. Ne5 Be8 27.
Qe3 g6 28. Ng4 Qd6 29. Qe5 Ng7 30. Rc1 Rb7 31. Nf6+ Kh8 32. Qxd6 cxd6 33. Rc8
Re7 34. Ba4 1-0

[Event "Sport Summer 2016"]
[Site "Paracin"]
[Date "2016.07.09"]
[Round "4.17"]
[White "Baglan, Esat"]
[Black "Ratkovic, Milovan"]
[Result "0-1"]
[WhiteElo "2246"]
[BlackElo "2382"]
[PlyCount "50"]
[EventDate "2016.??.??"]

1. e4 c5 2. Nf3 d6 3. d4 Nf6 4. Nc3 cxd4 5. Nxd4 Nc6 6. Bg5 Bd7 7. Qd2 Nxd4 8.
Qxd4 h6 9. Bxf6 gxf6 10. O-O-O Qa5 11. Kb1 Rc8 12. f4 Qc5 13. Qd2 f5 14. exf5
Qxf5 15. Bd3 Qa5 16. Rhe1 Bg7 17. Qe3 O-O 18. Qe4 Rfe8 19. Qh7+ Kf8 20. Re3 Bg4
21. Rg3 h5 22. h3 Rxc3 23. hxg4 h4 24. Qxh4 Qb4 25. Rh1 Rxd3 0-1

[Event "Sport Summer 2016"]
[Site "Paracin"]
[Date "2016.07.09"]
[Round "4.18"]
[White "Becker, Marcel"]
[Black "Topel, Zehra"]
[Result "1/2-1/2"]
[WhiteElo "2380"]
[BlackElo "2107"]
[PlyCount "44"]
[EventDate "2016.??.??"]

1. d4 d5 2. c4 dxc4 3. Nf3 c5 4. d5 e6 5. Nc3 exd5 6. Qxd5 Qxd5 7. Nxd5 Bd6 8.
e4 Nf6 9. Nxf6+ gxf6 10. Bxc4 Rg8 11. Be3 Rxg2 12. O-O-O Be7 13. Rhg1 Bh3 14.
Bd5 Nc6 15. Rxg2 Bxg2 16. Rg1 Bxf3 17. Rg8+ Bf8 18. Bxc6+ bxc6 19. Bxc5 O-O-O
20. Rxf8 Rxf8 21. Bxf8 Bxe4 22. Kd2 Kd7 1/2-1/2

[Event "Sport Summer 2016"]
[Site "Paracin"]
[Date "2016.07.09"]
[Round "4.19"]
[White "Banovic, Ivan"]
[Black "Radovanovic, Mihajlo"]
[Result "0-1"]
[WhiteElo "2194"]
[BlackElo "2362"]
[PlyCount "108"]
[EventDate "2016.??.??"]

1. d4 Nf6 2. c4 c5 3. d5 b5 4. cxb5 a6 5. bxa6 g6 6. Nc3 Bg7 7. e4 O-O 8. Nf3
Qa5 9. Bd2 Bxa6 10. Bxa6 Qxa6 11. Qe2 d6 12. h3 Nfd7 13. Bg5 Re8 14. Qxa6 Nxa6
15. Kd2 Reb8 16. Rhb1 Kf8 17. a3 c4 18. Kc2 Nac5 19. Nd2 Nb3 20. Nxb3 cxb3+ 21.
Kd2 Ne5 22. a4 Nc4+ 23. Kd3 Rc8 24. Bc1 Ra5 25. f4 f5 26. exf5 gxf5 27. Nb5 Nb6
28. Bd2 Rxa4 29. Rxa4 Nxa4 30. Bc3 Rc5 31. Bxg7+ Kxg7 32. Nd4 Rxd5 33. Kc4 Nb6+
34. Kc3 Kf6 35. g4 fxg4 36. hxg4 e5 37. fxe5+ dxe5 38. Nxb3 Na4+ 39. Kc4 Rd1
40. Rxd1 Nxb2+ 41. Kd5 Nxd1 42. Ke4 Nc3+ 43. Kf3 Ke6 44. Nc5+ Kd6 45. Nb3 Kd5
46. g5 Nb5 47. Kg4 Nd4 48. Nd2 e4 49. Nf1 Ke5 50. Ne3 Ne6 51. Nf1 Kd4 52. Kf5
Nf8 53. Kf6 e3 54. Nxe3 Kxe3 0-1

[Event "Sport Summer 2016"]
[Site "Paracin"]
[Date "2016.07.09"]
[Round "4.20"]
[White "Kasparova, Tatiana"]
[Black "Pantelic, Sasa"]
[Result "1-0"]
[WhiteElo "2141"]
[BlackElo "2340"]
[PlyCount "104"]
[EventDate "2016.??.??"]

1. e4 c5 2. Nf3 d6 3. d4 cxd4 4. Nxd4 Nf6 5. f3 e5 6. Nb3 d5 7. Bg5 d4 8. c3
Nc6 9. Bb5 h6 10. Bxf6 Qxf6 11. cxd4 Bb4+ 12. Nc3 O-O 13. d5 Nd4 14. Be2 Qg5
15. Nxd4 Qxg2 16. Rf1 exd4 17. Qxd4 Bxc3+ 18. bxc3 Qxh2 19. Kd2 f6 20. Rh1 Qf4+
21. Qe3 Qxe3+ 22. Kxe3 Re8 23. Kd4 Bd7 24. f4 b5 25. Rag1 Kh8 26. Rg3 Rac8 27.
Rhg1 g5 28. fxg5 hxg5 29. Rb1 a6 30. a4 Rb8 31. axb5 axb5 32. Rg2 Kg7 33. Rh1
Rh8 34. Rxh8 Rxh8 35. Kc5 Rc8+ 36. Kd6 Be8 37. Rg3 Bg6 38. e5 Rd8+ 39. Kc5 fxe5
40. Rxg5 Kf6 41. Rg1 Bf7 42. Rf1+ Kg7 43. d6 Rc8+ 44. Kb4 Bc4 45. Bxc4 Rxc4+
46. Kxb5 Rxc3 47. Rd1 Rc8 48. d7 Rd8 49. Kc6 Kf6 50. Kc7 Ra8 51. d8=Q+ Rxd8 52.
Rxd8 e4 1-0

[Event "International Championship of Central Se"]
[Site "Paracin, hotel "]
[Date "2016.07.09"]
[Round "4.21"]
[White "Agdelen, Huseyin Can"]
[Black "Ardeleanu, Alin"]
[Result "1/2-1/2"]
[WhiteElo "2061"]
[BlackElo "2338"]
[PlyCount "40"]
[EventDate "2016.07.07"]

1. e4 c5 2. Nf3 a6 3. c4 d6 4. d4 Bg4 5. d5 Nf6 6. Nc3 g6 7. Be2 Bxf3 8. Bxf3
Bg7 9. O-O O-O 10. Be3 Nbd7 11. Be2 Qa5 12. Qc2 Rab8 13. a4 Rfe8 14. Rfd1 Bf8
15. Ra3 Bg7 16. Nb1 e6 17. Nd2 exd5 18. cxd5 Qd8 19. a5 Qe7 20. f3 Ne5 1/2-1/2

[Event "International Championship of Central Se"]
[Site "Paracin, hotel "]
[Date "2016.07.09"]
[Round "4.23"]
[White "Konstantinov, Aleksandar"]
[Black "Cvetkovic, Srdjan"]
[Result "1/2-1/2"]
[WhiteElo "2018"]
[BlackElo "2306"]
[PlyCount "59"]
[EventDate "2016.07.07"]

1. d4 Nf6 2. c4 e6 3. Nc3 d5 4. cxd5 exd5 5. Bg5 Be7 6. e3 c6 7. Bd3 Nbd7 8.
Qc2 Nh5 9. Bxe7 Qxe7 10. Nf3 Nf4 11. O-O Nxd3 12. Qxd3 Nf6 13. Ne5 O-O 14. Rfe1
Re8 15. a3 Ne4 16. f3 Nxc3 17. Qxc3 Bf5 18. Nd3 Bxd3 19. Qxd3 Qd6 20. b4 a6 21.
Re2 Re6 22. Rae1 Rae8 23. e4 dxe4 24. Rxe4 Qd5 25. Rxe6 Rxe6 26. Rxe6 Qxe6 27.
Qe4 Qd7 28. Kf2 g6 29. Qe5 Qd5 30. Qxd5 1/2-1/2

[Event "International Championship of Central Se"]
[Site "Paracin, hotel "]
[Date "2016.07.09"]
[Round "4.24"]
[White "Nestorovic, Lazar"]
[Black "Chekletsov, Ilya"]
[Result "1/2-1/2"]
[WhiteElo "2340"]
[BlackElo "2223"]
[PlyCount "120"]
[EventDate "2016.07.07"]

1. e4 e6 2. d4 d5 3. e5 c5 4. c3 Nc6 5. Nf3 f6 6. Bd3 Qc7 7. O-O Bd7 8. Re1
O-O-O 9. Na3 c4 10. Bf1 Bxa3 11. bxa3 Nge7 12. a4 Ng6 13. Ba3 fxe5 14. dxe5
Ngxe5 15. Nxe5 Nxe5 16. Qd4 Nc6 17. Qxg7 Qf4 18. g3 Rhg8 19. Qxh7 Qf6 20. Qc2
e5 21. Bg2 Bf5 22. Qb2 Bd3 23. Qb5 e4 24. a5 a6 25. Qb6 Rg6 26. h4 Rh8 27. Rab1
Bxb1 28. Rxb1 Rh7 29. Bc1 Qe6 30. Bf4 Rf6 31. Qe3 Rhf7 32. h5 Qg4 33. f3 Qxh5
34. fxe4 dxe4 35. Qxe4 Qc5+ 36. Kh2 Rxf4 37. gxf4 Rf8 38. Qh7 Qe7 39. Qxe7 Nxe7
40. Bxb7+ Kc7 41. Bxa6 Rxf4 42. Kg3 Re4 43. Rb7+ Kd6 44. Rb6+ Kc7 45. Kf3 Rh4
46. Kg3 Re4 47. Kf2 Nd5 48. Rb7+ Kc6 49. Rb2 Re7 50. Bxc4 Nxc3 51. Kf3 Kc5 52.
Bd3 Rf7+ 53. Kg4 Kd4 54. Ba6 Rg7+ 55. Kf5 Ra7 56. Rb6 Nd5 57. Rh6 Ne3+ 58. Kg5
Ke4 59. Rg6 Nd5 60. Bc4 Rxa5 1/2-1/2

[Event "International Championship of Central Se"]
[Site "Paracin, hotel "]
[Date "2016.07.09"]
[Round "4.25"]
[White "Blazeka, Matej"]
[Black "Milosevic, Milos"]
[Result "1/2-1/2"]
[WhiteElo "2328"]
[BlackElo "2192"]
[PlyCount "54"]
[EventDate "2016.07.07"]

1. e4 c5 2. Nf3 d6 3. d4 cxd4 4. Nxd4 Nf6 5. f3 e5 6. Nb3 Be6 7. c4 a5 8. Be3
Be7 9. Nc3 O-O 10. Be2 a4 11. Nd2 Nh5 12. O-O Bg5 13. Bf2 Qa5 14. g3 Nf6 15.
Ndb1 Rd8 16. Na3 Ne8 17. Nd5 Bxd5 18. cxd5 Nd7 19. Nc4 Qc7 20. Ne3 Qb6 21. Nc4
Qc7 22. Ne3 Qb6 23. Nc4 Qc7 24. h4 Bh6 25. Ne3 g6 26. Rc1 Nc5 27. Rc4 Qa5
1/2-1/2

[Event "International Championship of Central Se"]
[Site "Paracin, hotel "]
[Date "2016.07.09"]
[Round "4.26"]
[White "Trifunovic, Miroljub"]
[Black "Yurtseven, Melih"]
[Result "1/2-1/2"]
[WhiteElo "2209"]
[BlackElo "2318"]
[PlyCount "99"]
[EventDate "2016.07.07"]

1. d4 g6 2. Nf3 Bg7 3. c4 c5 4. d5 b5 5. cxb5 a6 6. bxa6 Nf6 7. Nc3 Bxa6 8. g3
O-O 9. Bg2 d6 10. O-O Nbd7 11. Qc2 Qb6 12. Rb1 Qb7 13. Nd2 Nb6 14. Rd1 Rfc8 15.
b3 Qa7 16. a4 Rab8 17. h3 Rc7 18. Bb2 Rcb7 19. e4 Nbd7 20. Bf1 Bxf1 21. Rxf1
Ne8 22. Nb5 Qa6 23. Bxg7 Kxg7 24. Nc4 Nc7 25. Nxc7 Rxc7 26. Qc3+ f6 27. f4 Rb4
28. e5 Rcb7 29. exd6 Nb6 30. dxe7 Rxe7 31. Ne3 Rbe4 32. Rbe1 c4 33. d6 Re8 34.
bxc4 Nxa4 35. Qd2 Qb6 36. d7 Rd8 37. Kh2 Rd4 38. Qg2 R8xd7 39. Nd5 Qc5 40. Rf2
Qxc4 41. Ne3 Qc3 42. Ree2 Nc5 43. Qc6 Ne4 44. Qxc3 Nxc3 45. Rc2 Ne4 46. Rfe2
Rd3 47. Nf1 f5 48. Kg2 Rd1 49. Ne3 Rb1 50. g4 1/2-1/2

[Event "International Championship of Central Se"]
[Site "Paracin, hotel "]
[Date "2016.07.09"]
[Round "4.27"]
[White "Garic, Radomir"]
[Black "Stefanov, Emil"]
[Result "0-1"]
[WhiteElo "2317"]
[BlackElo "2215"]
[PlyCount "106"]
[EventDate "2016.07.07"]

1. b3 Nf6 2. Bb2 g6 3. Nf3 Bg7 4. g3 O-O 5. Bg2 d5 6. O-O c5 7. c4 Nc6 8. cxd5
Qxd5 9. Ne5 Qd6 10. Nxc6 bxc6 11. Na3 Be6 12. Qc2 Nd7 13. Bxg7 Kxg7 14. Nc4
Bxc4 15. Qxc4 a5 16. Rac1 Rfb8 17. Rfd1 Qf6 18. Qa4 Ra6 19. Qc4 Ra7 20. Qe4 Ra6
21. Bh3 e6 22. Qd3 Ra7 23. Qd6 Rb6 24. Rc4 Qb2 25. Bxe6 Qf6 26. Re4 fxe6 27.
Rxe6 Qf5 28. e4 Qf3 29. Re7+ Kh6 30. Re1 Rbb7 31. Re3 Qf6 32. Re6 Qf8 33. Qxc6
Rb6 34. Qd5 Nf6 35. Qc4 Ng4 36. Qe2 Rxe6 37. Qxg4 Rae7 38. d3 Qf6 39. Kg2 Qg5
40. Qe2 Rd7 41. f4 Qd8 42. e5 Qa8+ 43. Kh3 Qf8 44. Qf3 Rd4 45. Re4 Rxe4 46.
dxe4 Rxe5 47. g4 Re8 48. Kg3 g5 49. fxg5+ Kxg5 50. h4+ Kg6 51. h5+ Kg7 52. Qc3+
Qf6 53. Qxc5 Rxe4 0-1

[Event "International Championship of Central Se"]
[Site "Paracin, hotel "]
[Date "2016.07.09"]
[Round "4.28"]
[White "Ozates, Tuna"]
[Black "Budimir, Boris"]
[Result "0-1"]
[WhiteElo "2074"]
[BlackElo "2272"]
[PlyCount "103"]
[EventDate "2016.07.07"]

1. e4 Nc6 2. Nf3 e5 3. Bc4 Be7 4. c3 Nf6 5. d3 O-O 6. Bb3 d5 7. Qe2 dxe4 8.
dxe4 Qe8 9. O-O Bc5 10. h3 a6 11. Re1 Be6 12. Nbd2 Rd8 13. Nf1 h6 14. Ng3 Qd7
15. Bc2 b5 16. Nh2 Ne7 17. Nh5 Nxh5 18. Qxh5 f6 19. Bb3 Kh7 20. Nf3 a5 21. Be3
Bxe3 22. fxe3 a4 23. Bc2 Qe8 24. Qh4 Qf7 25. Rf1 Qg6 26. Rf2 Nc8 27. Raf1 Rfe8
28. b3 axb3 29. axb3 Nd6 30. Rd2 Ra8 31. Kh2 Ra3 32. Rb1 Qf7 33. Rf2 Bxb3 34.
Bd3 Bc4 35. Bc2 Rxc3 36. Re1 Bd3 37. Bxd3 Rxd3 38. Rc2 Nc4 39. Rce2 Qg6 40. Kh1
Ra8 41. Qf2 Qxe4 42. Nh4 Rad8 43. Nf5 Rd1 44. Rxd1 Rxd1+ 45. Kh2 h5 46. Ng3 Qg6
47. Rc2 Nxe3 48. Rxc7 Nd5 49. Rb7 Rc1 50. Qd2 Rc5 51. Rd7 Rc3 52. Nf1 0-1